<?xml version="1.0" encoding="UTF-8"?>
<record
    xmlns:xsi="http://www.w3.org/2001/XMLSchema-instance"
    xsi:schemaLocation="http://www.loc.gov/MARC21/slim http://www.loc.gov/standards/marcxml/schema/MARC21slim.xsd"
    xmlns="http://www.loc.gov/MARC21/slim">

  <leader>01536nam0a2200337   4500</leader>
  <controlfield tag="001">RU\NLR\BIBL_A\012429302</controlfield>
  <controlfield tag="005">20260406232908.0</controlfield>
  <datafield tag="021" ind1=" " ind2=" ">
    <subfield code="a">RU</subfield>
    <subfield code="b">89-4982</subfield>
  </datafield>
  <datafield tag="035" ind1=" " ind2=" ">
    <subfield code="a">(NLR Aleph) 012429302</subfield>
  </datafield>
  <datafield tag="090" ind1=" " ind2=" ">
    <subfield code="a">11866696</subfield>
    <subfield code="c">11866696</subfield>
  </datafield>
  <datafield tag="100" ind1=" " ind2=" ">
    <subfield code="a">20201229d1988    u  y0rusy50      ca</subfield>
  </datafield>
  <datafield tag="101" ind1="0" ind2=" ">
    <subfield code="a">rus</subfield>
  </datafield>
  <datafield tag="102" ind1=" " ind2=" ">
    <subfield code="a">RU</subfield>
  </datafield>
  <datafield tag="105" ind1=" " ind2=" ">
    <subfield code="a">a   b   000 y</subfield>
  </datafield>
  <datafield tag="181" ind1=" " ind2="0">
    <subfield code="a">i</subfield>
    <subfield code="b">axxe</subfield>
  </datafield>
  <datafield tag="182" ind1=" " ind2="0">
    <subfield code="a">n</subfield>
  </datafield>
  <datafield tag="200" ind1="1" ind2=" ">
    <subfield code="a">&#x424;&#x443;&#x430;&#x434; &#x411;&#x430;&#x43A;&#x438;&#x445;&#x430;&#x43D;&#x43E;&#x432;</subfield>
    <subfield code="e">[&#x432;&#x44B;&#x441;&#x442;&#x430;&#x432;&#x43A;&#x430; &#x43F;&#x440;&#x43E;&#x438;&#x437;&#x432;&#x435;&#x434;&#x435;&#x43D;&#x438;&#x439;</subfield>
    <subfield code="e">&#x43A;&#x430;&#x442;&#x430;&#x43B;&#x43E;&#x433;</subfield>
    <subfield code="f">&#x441;&#x43E;&#x441;&#x442;&#x430;&#x432;&#x438;&#x442;&#x435;&#x43B;&#x44C; &#x413;. &#x411;&#x430;&#x43A;&#x438;&#x445;&#x430;&#x43D;&#x43E;&#x432;&#x430;</subfield>
    <subfield code="g">&#x421;&#x43E;&#x44E;&#x437; &#x445;&#x443;&#x434;&#x43E;&#x436;&#x43D;&#x438;&#x43A;&#x43E;&#x432; &#x410;&#x437;&#x435;&#x440;&#x431;&#x430;&#x439;&#x434;&#x436;&#x430;&#x43D;&#x430;]</subfield>
  </datafield>
  <datafield tag="203" ind1=" " ind2=" ">
    <subfield code="a">&#x422;&#x435;&#x43A;&#x441;&#x442;</subfield>
    <subfield code="b">&#x432;&#x438;&#x437;&#x443;&#x430;&#x43B;&#x44C;&#x43D;&#x44B;&#x439;</subfield>
    <subfield code="c">&#x43D;&#x435;&#x43F;&#x43E;&#x441;&#x440;&#x435;&#x434;&#x441;&#x442;&#x432;&#x435;&#x43D;&#x43D;&#x44B;&#x439;</subfield>
  </datafield>
  <datafield tag="210" ind1=" " ind2=" ">
    <subfield code="a">&#x411;&#x430;&#x43A;&#x443;</subfield>
    <subfield code="d">1988</subfield>
  </datafield>
  <datafield tag="215" ind1=" " ind2=" ">
    <subfield code="a">[63] &#x441;.</subfield>
    <subfield code="c">&#x432; &#x43E;&#x441;&#x43D;&#x43E;&#x432;&#x43D;&#x43E;&#x43C; &#x438;&#x43B;., &#x446;&#x432;. &#x438;&#x43B;.</subfield>
    <subfield code="d">29&#x445;16</subfield>
  </datafield>
  <datafield tag="300" ind1=" " ind2=" ">
    <subfield code="a">&#x41D;&#x430; 2-&#x439; &#x441;. &#x43E;&#x431;&#x43B;.: &#x421;&#x43E;&#x44E;&#x437; &#x445;&#x443;&#x434;&#x43E;&#x436;&#x43D;&#x438;&#x43A;&#x43E;&#x432; &#x410;&#x437;&#x435;&#x440;&#x431;&#x430;&#x439;&#x434;&#x436;&#x430;&#x43D;&#x430;</subfield>
  </datafield>
  <datafield tag="600" ind1=" " ind2="0">
    <subfield code="a">&#x411;&#x430;&#x43A;&#x438;&#x445;&#x430;&#x43D;&#x43E;&#x432;</subfield>
    <subfield code="b">&#x424;.</subfield>
    <subfield code="g">&#x424;&#x443;&#x430;&#x434;</subfield>
    <subfield code="x">&#x412;&#x44B;&#x441;&#x442;&#x430;&#x432;&#x43A;&#x438;</subfield>
    <subfield code="y">&#x411;&#x430;&#x43A;&#x443;, &#x433;&#x43E;&#x440;&#x43E;&#x434; (&#x410;&#x437;&#x435;&#x440;&#x431;&#x430;&#x439;&#x434;&#x436;&#x430;&#x43D;)</subfield>
    <subfield code="z">1988</subfield>
    <subfield code="9">1070819</subfield>
    <subfield code="3">RU\NLR\AUTH\6698513</subfield>
  </datafield>
  <datafield tag="686" ind1="1" ind2=" ">
    <subfield code="a">&#x429;133(2&#x410;)7-8 &#x411;&#x430;&#x43A;&#x438;&#x445;&#x430;&#x43D;&#x43E;&#x432;</subfield>
  </datafield>
  <datafield tag="702" ind1=" " ind2="1">
    <subfield code="a">&#x411;&#x430;&#x43A;&#x438;&#x445;&#x430;&#x43D;&#x43E;&#x432;&#x430;</subfield>
    <subfield code="b">&#x413;.</subfield>
    <subfield code="g">&#x413;&#x44E;&#x43B;&#x44C;&#x442;&#x435;&#x43A;&#x438;&#x43D;</subfield>
    <subfield code="4">220</subfield>
  </datafield>
  <datafield tag="710" ind1="1" ind2="0">
    <subfield code="a">&#x411;&#x430;&#x43A;&#x438;&#x445;&#x430;&#x43D;&#x43E;&#x432;,</subfield>
    <subfield code="g">&#x424;&#x443;&#x430;&#x434;</subfield>
    <subfield code="h">&#x412;&#x44B;&#x441;&#x442;&#x430;&#x432;&#x43A;&#x430; &#x43F;&#x440;&#x43E;&#x438;&#x437;&#x432;&#x435;&#x434;&#x435;&#x43D;&#x438;&#x439;</subfield>
    <subfield code="f">1988</subfield>
    <subfield code="e">&#x411;&#x430;&#x43A;&#x443;</subfield>
    <subfield code="3">RU\NLR\AUTH\889976623</subfield>
    <subfield code="9">450027</subfield>
  </datafield>
  <datafield tag="712" ind1="0" ind2="2">
    <subfield code="a">&#x421;&#x43E;&#x44E;&#x437; &#x445;&#x443;&#x434;&#x43E;&#x436;&#x43D;&#x438;&#x43A;&#x43E;&#x432; &#x410;&#x437;&#x435;&#x440;&#x431;&#x430;&#x439;&#x434;&#x436;&#x430;&#x43D;&#x430;</subfield>
    <subfield code="3">RU\NLR\AUTH\889985992</subfield>
    <subfield code="9">467645</subfield>
  </datafield>
  <datafield tag="852" ind1=" " ind2=" ">
    <subfield code="a">NLR</subfield>
    <subfield code="b">&#x42D;</subfield>
    <subfield code="j">&#x41A;&#x41F;/&#x411;193</subfield>
  </datafield>
  <datafield tag="942" ind1=" " ind2=" ">
    <subfield code="c">BOOK</subfield>
  </datafield>
  <datafield tag="980" ind1=" " ind2=" ">
    <subfield code="a">NB</subfield>
  </datafield>
  <datafield tag="995" ind1=" " ind2=" ">
    <subfield code="5">2020-12-29</subfield>
    <subfield code="b">NLR02</subfield>
    <subfield code="c">NLR02</subfield>
    <subfield code="e">EST</subfield>
    <subfield code="f">ERR-195028</subfield>
    <subfield code="k">&#x42D; &#x41A;&#x41F;/&#x411;193</subfield>
    <subfield code="o">0</subfield>
    <subfield code="r">BOOK</subfield>
    <subfield code="s">_193</subfield>
  </datafield>
</record>
